000 00539pab a2200181 454500
008 180718b2006 xxu||||| |||| 00| 0 eng d
100 _aRanjan, Manish
245 _aRural credit system: a case study of village Hathibinda in Jharkhand
260 _c2006
300 _ap.2179-193.
362 _aDec
650 _aCredit - India - Jharkhand
650 _aAgricultural credit - India - Jharkhand
650 _aAgricultural credit
773 _aJharkhand Journal of Development and Management Studies
908 _aN
909 _a74091
999 _c74091
_d74091